TRAINING FOR JOURNALISM (Record no. 22098)

MARC details
000 -LEADER
fixed length control field 00290nam a22001337a 4500
003 - CONTROL NUMBER IDENTIFIER
control field SGT
020 ## - INTERNATIONAL STANDARD BOOK NUMBER
International Standard Book Number 81-7888-019-9
082 ## - DEWEY DECIMAL CLASSIFICATION NUMBER
Classification number 070
Item number KEM
100 ## - MAIN ENTRY--PERSONAL NAME
Personal name KHEMCHAND, RABIN
245 ## - TITLE STATEMENT
Title TRAINING FOR JOURNALISM
260 ## - PUBLICATION, DISTRIBUTION, ETC. (IMPRINT)
Place of publication, distribution, etc INDIA
Name of publisher, distributor, etc DOMINANT PUB.
Year of Publication 2010
300 ## - PAGE DESCRIPTION
No. of Pages 255
942 ## - ADDED ENTRY ELEMENTS (KOHA)
Source of classification or shelving scheme Dewey Decimal Classification
Koha item type Books
Holdings
Withdrawn status Lost status Source of classification or shelving scheme Damaged status Not for loan Collection code Home library Current library Shelving location Date acquired Vendor Name Cost, normal purchase price SGTU Bill Number Total Checkouts Full call number Accession No. (Barcode) Date last seen Bill Date Koha item type
    Dewey Decimal Classification     MASS COMMUNICATION SGT Science & Social Sciences Library SGT Science & Social Sciences Library Text Book 11/02/2022 VANIPRAKASHAN 795.00 SGTU GV390   070 KEM MC911 11/02/2022   Books
    Dewey Decimal Classification     MASS COMMUNICATION SGT Science & Social Sciences Library SGT Science & Social Sciences Library Text Book 11/02/2022 VANIPRAKASHAN 795.00 SGTU GV390   070 KEM MC912 11/02/2022   Books
    Dewey Decimal Classification     MASS COMMUNICATION SGT Science & Social Sciences Library SGT Science & Social Sciences Library Text Book 11/02/2022 VANIPRAKASHAN 795.00 SGTU GV390   070 KEM MC913 11/02/2022   Books